Suržik i ukrainskij bilingvizm kak sovremennyj kommunikativnyj jazykovoj fenomen

Používanie ukrajinského a ruského jazyka v Ukrajine. Zachovanie pozície ruského jazyka v krajine. Ukrajinský ako štátny jazyk. Ukrajina ako bilingválna krajina. Výsledky sociologického výskumu.

Salvato in:
Dettagli Bibliografici
Autore principale: Dziváková, Michaela, 1979-
Natura: Capitolo di libro
Lingua:russo
Soggetti:
Tags: Aggiungi Tag
Nessun Tag, puoi essere il primo ad aggiungerne!!

MARC

LEADER 00000naa$a2200000$$$4500
001 0117891
005 20240502083306.6
041 0 |a rus 
044 |a UA 
245 1 0 |a Suržik i ukrainskij bilingvizm kak sovremennyj kommunikativnyj jazykovoj fenomen  |c Michaela Dziváková 
520 |a Používanie ukrajinského a ruského jazyka v Ukrajine. Zachovanie pozície ruského jazyka v krajine. Ukrajinský ako štátny jazyk. Ukrajina ako bilingválna krajina. Výsledky sociologického výskumu. 
610 2 0 |a jazyk štátny 
610 2 0 |a jazyky cudzie 
610 2 0 |a komunikácia 
610 2 0 |a spoločnosť 
610 2 0 |a obyvateľstvo 
610 2 0 |a výskum sociologický 
610 2 0 |a Ukrajina 
100 1 |a Dziváková, Michaela, 1979-